000 01034nam0a22003011 4500
001 2572584
005 20250622224811.0
021 _aRU
_b78-78744
035 _a(NLR Aleph) 006456400
090 _a5791183
_c5791183
100 _a20110316d1978 |||y0rusy50 ca
101 1 _arus
_ager
_crus
_gger
102 _aRU
105 _aa z |||||
200 1 _aÜber die Wechselbeziehungen zwischen der armenischen und der byzantinischen Architekturen der 4. und 7. Jahrhunderte
_fAlexandra Jeremian
210 _aYerevan
_cБ. и.
_d1978
215 _a18 с.
_cил.
_d20
225 1 _aII Intern. symposium on Armenian art. [Reports
_v68]
300 _aВ надзаг.: Acad. of sciences of Armenian SSR. Inst. of arts
686 _aН0(2Ар)42-18,0
_2rubbk
686 _aН0(0)421-18,0
_2rubbk
700 1 _aЕремян
_bА.Б.
_gАлександра Багратовна
801 0 _aRU
_bNLR
_gpsbo
801 1 _aRU
_bELAR
_2rusmarc
899 _aRuMoRGB
_jИн 78-2/201
899 _aRuMoRGB
_jИн 78-2/201
942 _cBOOK
980 _aNB